Visualizzazione normale
Vista MARC
- Neri Ennio
di Personal Name
Records bibliografici associati: 1
001 - CONTROL NUMBER
- control field: 11183
003 - CONTROL NUMBER IDENTIFIER
- control field: IT-RoPau
005 - DATE AND TIME OF LATEST TRANSACTION
- control field: 20140128150626.0
008 - FIXED-LENGTH DATA ELEMENTS
- fixed length control field: 140128|| aca||aabn | a|a d
040 ## - CATALOGING SOURCE
- Original cataloging agency: IT-RoPau
- Transcribing agency: IT-RoPau
100 ## - HEADING--PERSONAL NAME
- Personal name: Neri Ennio
- Miscellaneous information: Codice autore testo/musica SPICS: 13457
- Relator term: Autore testo/musica
- Name of part/section of a work: Parlami d'amore Mariù
670 ## - SOURCE DATA FOUND
- Source citation: Work cat.: (IT-RoPau)99898: AA.VV. 794, Canzoni d'altri tempi-Terza raccolta